=LDR 00000nam 2200000 4500 =001 INLIS000000000001844 =005 20130612090228 =008 ***********************************Ind** =035 ##$$0010-061300000001844 =041 ##$$a Ind =082 ##$$a 614.1 =090 ##$$a 614.1, Unz i =100 ##$$a Unzie, Fadil =245 ##$$a Ilmu gizi : pencernaan, penyerapan dan detoksinasi zat gizi, Fadil Oenzie =260 ##$$a 1995 $b Jakarta =300 ##$$a 76 hlm, ilus, 21 cm =650 ##$$a Gizi =850 ##$$a NBPNMAT